[Event "Quebec op"]
[Site "Montreal CAN"]
[Date "2000.07.26"]
[Round "6"]
[White "Sarwer, Jeff"]
[Black "Schleifer, Michael"]
[Result "0-1"]
[WhiteElo "2164"]
[BlackElo "2403"]
[PlyCount "102"]
[EventDate "2000.07.22"]
[EventType "swiss"]
[EventRounds "9"]
[EventCountry "CAN"]

1. d4 Nf6 2. c4 g6 3. Nc3 Bg7 4. e4 O-O 5. Nge2 d6 6. Ng3 e5 7. d5 a5 8. Be2
Na6 9. h4 h6 10. Be3 Kh7 11. Qc2 Ng4 12. Bxg4 Bxg4 13. h5 g5 14. Nf5 Bxf5 15.
exf5 Bf6 16. g4 b6 17. O-O Nc5 18. a3 a4 19. Bxc5 bxc5 20. Nxa4 e4 21. Nc3 e3
22. fxe3 Re8 23. Rf3 Qe7 24. Kg2 Rab8 25. b3 Qe5 26. Rc1 Kg8 27. a4 Rb4 28. Kh3
Re7 29. Nb5 Qe4 30. Qxe4 Rxe4 31. a5 Rxb3 32. a6 Rb2 33. a7 Ra2 34. Rf2 Rxf2
35. a8=Q+ Kg7 36. Kg3 Re2 37. Qa3 Bb2 38. Re1 Bxa3 39. Rxe2 Bb4 40. Nxc7 Kf6
41. Kf3 Rxc4 42. Ra2 Rc1 43. Ra4 Rh1 44. Ra7 Ke5 45. Ra8 Bc3 46. Rf8 Rh3+ 47.
Ke2 Ke4 48. Rxf7 Rh2+ 49. Kf1 Kf3 50. Kg1 Rg2+ 51. Kh1 Rb2 0-1

[Event "Quebec op"]
[Site "Montreal CAN"]
[Date "2000.07.27"]
[Round "7"]
[White "Schleifer, Michael"]
[Black "Gruzmann, Boris"]
[Result "1/2-1/2"]
[WhiteElo "2403"]
[BlackElo "2302"]
[PlyCount "66"]
[EventDate "2000.07.22"]
[EventType "swiss"]
[EventRounds "9"]
[EventCountry "CAN"]

1. e4 e6 2. Qe2 c5 3. g3 Nc6 4. c3 Be7 5. Bg2 d5 6. e5 Qc7 7. f4 f5 8. Nf3 Nh6
9. O-O O-O 10. Kh1 Bd7 11. d3 b5 12. Be3 a5 13. Nbd2 a4 14. Bg1 a3 15. b3 b4
16. c4 d4 17. h3 Ra5 18. Bh2 Nd8 19. Ng5 Ndf7 20. Nxf7 Rxf7 21. g4 Kf8 22. g5
Ng8 23. h4 Ke8 24. h5 Rf8 25. Nf3 Kd8 26. Bg1 Qb6 27. Ne1 Kc8 28. Nc2 Kb8 29.
Bf3 Rd8 30. Qg2 Be8 31. Bf2 Bf8 32. Rac1 Ne7 33. Be1 Nc6 1/2-1/2

[Event "Quebec op"]
[Site "Montreal CAN"]
[Date "2000.07.28"]
[Round "8"]
[White "Golts, Roman"]
[Black "Schleifer, Michael"]
[Result "1-0"]
[WhiteElo "2291"]
[BlackElo "2403"]
[PlyCount "113"]
[EventDate "2000.07.22"]
[EventType "swiss"]
[EventRounds "9"]
[EventCountry "CAN"]

1. e4 g6 2. d4 Bg7 3. Nc3 d6 4. g3 Nc6 5. Be3 Nf6 6. h3 O-O 7. Bg2 e5 8. Nge2
Nd7 9. O-O Nb6 10. dxe5 Nxe5 11. Bd4 c5 12. Be3 f5 13. exf5 Bxf5 14. g4 Bc8 15.
Bf4 Kh8 16. Ne4 d5 17. Nxc5 Nc6 18. c3 Qe7 19. Nb3 Nc4 20. Bc1 Rd8 21. Nbd4 Qf7
22. b3 Nb6 23. Be3 Ne7 24. Nb5 Bd7 25. Nd6 Qf8 26. Nxb7 Rdc8 27. Nc5 Qf7 28.
Nxd7 Nxd7 29. Bd4 Nf6 30. g5 Nh5 31. Bxg7+ Nxg7 32. Qd4 Kg8 33. Qf6 Rd8 34.
Rfd1 Rac8 35. Rac1 Nh5 36. Qxf7+ Kxf7 37. Bf3 Ng7 38. Nf4 d4 39. c4 Rc5 40.
Bd5+ Nxd5 41. Nxd5 Ne6 42. b4 Rc6 43. h4 Rdc8 44. c5 h6 45. gxh6 Rd8 46. b5
Rxc5 47. Rxc5 Nxc5 48. Rxd4 Rd6 49. Rf4+ Kg8 50. Nf6+ Kh8 51. Rc4 Rxf6 52. Rxc5
Rf7 53. a4 Kh7 54. a5 Kxh6 55. b6 axb6 56. axb6 Rb7 57. Rb5 1-0

[Event "Quebec op"]
[Site "Montreal CAN"]
[Date "2000.07.29"]
[Round "9"]
[White "Schleifer, Michael"]
[Black "Saint Amand, Paul"]
[Result "1-0"]
[WhiteElo "2403"]
[BlackElo "2153"]
[PlyCount "123"]
[EventDate "2000.07.22"]
[EventType "swiss"]
[EventRounds "9"]
[EventCountry "CAN"]

1. e4 c5 2. Nf3 d6 3. d4 cxd4 4. Nxd4 Nf6 5. Nc3 a6 6. Bg5 e6 7. Qd2 Nc6 8.
O-O-O Bd7 9. f4 b5 10. a3 Qb6 11. Nb3 h6 12. Bh4 b4 13. axb4 Qxb4 14. Bxf6 gxf6
15. f5 Na5 16. Nxa5 Qxa5 17. Kb1 Rb8 18. Qd4 Be7 19. Rd3 Qb6 20. Qxb6 Rxb6 21.
Rf3 Kf8 22. Rg3 Rg8 23. Rh3 Kg7 24. Rg3+ Kh7 25. Rxg8 Kxg8 26. Bd3 Bc6 27. Rf1
d5 28. fxe6 fxe6 29. exd5 Bxd5 30. Nxd5 exd5 31. Rf4 Rb4 32. Rf5 Rg4 33. g3 Rg5
34. Rxg5+ fxg5 35. Bxa6 Kf7 36. Kc1 d4 37. Kd2 Ke6 38. Kd3 Ke5 39. Kc4 Bf6 40.
Kc5 Ke6 41. Bc8+ Ke7 42. b4 Kd8 43. Bg4 Kc7 44. b5 Kb7 45. Bf3+ Kc7 46. b6+ Kb8
47. Kd6 Bd8 48. b7 h5 49. Bxh5 Kxb7 50. Ke5 Kc7 51. Kxd4 Kd6 52. Ke4 Ba5 53. c4
Bb6 54. Kf5 Be3 55. Bf3 Bc1 56. Kg6 Be3 57. h4 g4 58. Bxg4 Bf2 59. h5 Bxg3 60.
h6 Kc7 61. Kg7 Kd6 62. h7 1-0

[Event "Quebec-ch"]
[Site "Montreal CAN"]
[Date "2000.06.10"]
[Round "1.1"]
[White "Schleifer, Michael"]
[Black "Mikanovic, Goran"]
[Result "1/2-1/2"]
[WhiteElo "2407"]
[BlackElo "2313"]
[PlyCount "128"]
[EventDate "2000.06.10"]
[EventType "k.o."]
[EventRounds "3"]
[EventCountry "CAN"]

1. d4 Nf6 2. Bf4 b6 3. e3 Bb7 4. Nf3 e6 5. h3 Be7 6. Bd3 O-O 7. O-O c5 8. Qe2
d6 9. c3 Nbd7 10. Bh2 Re8 11. Nbd2 Bf8 12. e4 cxd4 13. cxd4 a6 14. Rac1 b5 15.
e5 dxe5 16. dxe5 Nd5 17. Ne4 h6 18. g4 Be7 19. Bg3 Nf8 20. Nd6 Bxd6 21. exd6 f6
22. Rfd1 Qd7 23. Be4 Rac8 24. Rxc8 Rxc8 25. Nd4 Rc4 26. Bg2 Kf7 27. Qd2 Nb6 28.
Bxb7 Qxb7 29. f4 Qe4 30. b3 Rc8 31. Re1 Qd5 32. Qf2 Qxd6 33. g5 f5 34. Nf3 Ng6
35. h4 h5 36. Qe2 Rc3 37. Kh2 Nd5 38. Ne5+ Nxe5 39. fxe5 Qf8 40. Qxh5+ g6 41.
Qh7+ Qg7 42. Qxg7+ Kxg7 43. Re2 Kf7 44. Be1 Rc1 45. Kg3 Rd1 46. Bf2 Rd3+ 47.
Kh2 Rc3 48. Rd2 Rc6 49. Kg2 Ke7 50. Bd4 Rc1 51. Bf2 f4 52. Kf3 Rc3+ 53. Ke4 a5
54. Bd4 Rc1 55. Bf2 Kd7 56. Kf3 Rc3+ 57. Kg4 Ke7 58. h5 gxh5+ 59. Kxh5 Kf7 60.
Bd4 Rh3+ 61. Kg4 Rg3+ 62. Kh5 Rh3+ 63. Kg4 Rg3+ 64. Kh5 Rh3+ 1/2-1/2

[Event "Quebec-ch"]
[Site "Montreal CAN"]
[Date "2000.06.11"]
[Round "1.2"]
[White "Mikanovic, Goran"]
[Black "Schleifer, Michael"]
[Result "1/2-1/2"]
[WhiteElo "2313"]
[BlackElo "2411"]
[PlyCount "68"]
[EventDate "2000.06.10"]
[EventType "k.o."]
[EventRounds "3"]
[EventCountry "CAN"]

1. d4 Nf6 2. c4 g6 3. Nc3 Bg7 4. e4 O-O 5. Nf3 d6 6. Be2 Nc6 7. d5 Nb4 8. a3
Na6 9. Rb1 Nc5 10. Nd2 e6 11. O-O exd5 12. cxd5 Re8 13. f3 Nh5 14. Nc4 f5 15.
exf5 Bxf5 16. Ra1 Bxc3 17. bxc3 Rxe2 18. Qxe2 Bd3 19. Qa2 Bxf1 20. Kxf1 Qh4 21.
Be3 Qxh2 22. Bxc5 dxc5 23. d6 Kh8 24. d7 Nf6 25. Qe2 Nxd7 26. Rd1 Nf6 27. Qe7
Ng8 28. Qxc5 Qh1+ 29. Kf2 Qh4+ 30. Kg1 Re8 31. Qxc7 Re1+ 32. Rxe1 Qxe1+ 33. Kh2
Qh4+ 34. Kg1 Qe1+ 1/2-1/2

[Event "Quebec-ch"]
[Site "Montreal CAN"]
[Date "2000.06.11"]
[Round "1.3"]
[White "Schleifer, Michael"]
[Black "Mikanovic, Goran"]
[Result "0-1"]
[WhiteElo "2407"]
[BlackElo "2313"]
[PlyCount "80"]
[EventDate "2000.06.10"]
[EventType "k.o."]
[EventRounds "3"]
[EventCountry "CAN"]

1. d4 Nf6 2. Nf3 e6 3. Bg5 c5 4. e3 Be7 5. c3 b6 6. Bd3 Bb7 7. Nbd2 O-O 8. e4
cxd4 9. cxd4 d5 10. Bxf6 Bxf6 11. e5 Be7 12. O-O Ba6 13. Bxa6 Nxa6 14. Qa4 Nb4
15. a3 Nd3 16. Qb3 Nf4 17. g3 Ng6 18. Qa4 Qe8 19. Qxe8 Rfxe8 20. Rac1 Rec8 21.
h4 Nf8 22. Nb1 Nd7 23. Nc3 a6 24. Nd2 h5 25. f4 g6 26. Kf2 Kf8 27. Ke3 b5 28.
Kd3 Nb6 29. Ne2 Nc4 30. Nxc4 bxc4+ 31. Kc2 Rab8 32. Nc3 Rb3 33. Rf3 Rcb8 34.
Rb1 Bd8 35. Rf2 Ba5 36. Rf3 Bb6 37. Rd1 Ba7 38. Kc1 Rxb2 39. Re3 R8b3 40. a4
Bb6 0-1

[Event "Quebec-ch"]
[Site "Montreal CAN"]
[Date "2000.06.11"]
[Round "1.4"]
[White "Mikanovic, Goran"]
[Black "Schleifer, Michael"]
[Result "1/2-1/2"]
[WhiteElo "2313"]
[BlackElo "2407"]
[PlyCount "176"]
[EventDate "2000.06.10"]
[EventType "k.o."]
[EventRounds "3"]
[EventCountry "CAN"]

1. d4 g6 2. c4 Bg7 3. Nf3 d6 4. Nc3 Bg4 5. e3 Nd7 6. Be2 Ngf6 7. O-O c5 8. d5
O-O 9. h3 Bxf3 10. Bxf3 a6 11. a4 Ne8 12. Qc2 Nc7 13. a5 Rb8 14. Be2 b6 15.
axb6 Rxb6 16. Na4 Rb7 17. Bd2 Qb8 18. Ra2 Qa7 19. Bc3 Bxc3 20. Nxc3 Qb8 21. h4
Rb4 22. h5 Kg7 23. Ne4 Nf6 24. Ng3 Qb6 25. hxg6 hxg6 26. Bd1 Rh8 27. b3 Qb8 28.
Qc3 Qg8 29. f3 Kf8 30. Kf2 Rh4 31. Bc2 Qh8 32. Qe1 Nh5 33. Ne2 Ng7 34. Ng3 Nh5
35. Ne2 Qh6 36. Ra1 Nf6 37. Rh1 Kg7 38. Qg1 Qg5 39. Rxh4 Qxh4+ 40. g3 Qg5 41.
Qh2 Rb8 42. Rh1 Rg8 43. Qh4 Qxh4 44. Rxh4 Nd7 45. Rh1 Rb8 46. Ra1 g5 47. g4 Rh8
48. Kg2 Ne5 49. Ng3 Ng6 50. Bxg6 Kxg6 51. Nf5 Kf6 52. Rh1 Rxh1 53. Kxh1 Na8 54.
Kg2 Nb6 55. Kf2 a5 56. Ke2 a4 57. bxa4 Nxa4 58. Kd3 Nb2+ 59. Kc3 Na4+ 60. Kb3
Nb6 61. Kc3 Nc8 62. Ng3 Ke5 63. Kd3 Nb6 64. Ne2 Nd7 65. f4+ gxf4 66. exf4+ Kf6
67. Ng3 Nf8 68. Ne4+ Kg7 69. Ke3 Nd7 70. Kd3 Nf8 71. Ke3 Ng6 72. Kf3 Kf8 73.
Kg3 Ke8 74. Ng5 Nf8 75. Kf3 Nd7 76. Ke3 Nb6 77. Kd3 Na8 78. Nf3 f6 79. Kc3 Nb6
80. Kd3 Na8 81. Kc3 Nc7 82. Nh4 Kf7 83. Nf5 Ne8 84. Nh6+ Kg6 85. Nf5 Kf7 86.
Nh6+ Kg7 87. Nf5+ Kf8 88. Kd3 Nc7 1/2-1/2

[Event "Toronto op"]
[Site "Toronto CAN"]
[Date "2000.04.23"]
[Round "6"]
[White "Schleifer, Michael"]
[Black "Tipu, Vincent"]
[Result "1-0"]
[WhiteElo "2413"]
[BlackElo "2275"]
[PlyCount "39"]
[EventDate "2000.04.21"]
[EventType "swiss"]
[EventRounds "6"]
[EventCountry "CAN"]

1. d4 Nf6 2. Bg5 b5 3. Nd2 Bb7 4. Ngf3 h6 5. Bxf6 gxf6 6. e4 Rg8 7. g3 a6 8.
Bg2 e6 9. Qe2 d5 10. c3 c5 11. exd5 Bxd5 12. O-O c4 13. b3 Qc7 14. bxc4 bxc4
15. Nh4 Bxg2 16. Nxg2 Nd7 17. d5 Qe5 18. Ne3 Qxc3 19. dxe6 Ne5 20. Ne4 1-0

[Event "Laval XVII"]
[Site "Laval CAN"]
[Date "2000.04.14"]
[Round "1"]
[White "Auger, Bertrand"]
[Black "Schleifer, Michael"]
[Result "0-1"]
[WhiteElo "2000"]
[BlackElo "2412"]
[PlyCount "118"]
[EventDate "2000.04.14"]
[EventType "swiss"]
[EventRounds "5"]
[EventCountry "CAN"]

1. Nf3 g6 2. g3 d5 3. Bg2 Bg7 4. d4 Nh6 5. O-O Nf5 6. b3 c5 7. Bb2 Nc6 8. e3
O-O 9. c3 cxd4 10. cxd4 b6 11. Qd2 Ba6 12. Rc1 Rc8 13. Na3 e6 14. Nc2 Nce7 15.
Nb4 Bb7 16. Rxc8 Nxc8 17. Rc1 Ncd6 18. Nc6 Qa8 19. Nce5 Ne4 20. Qe1 f6 21. Nd3
Rf7 22. Rc2 Bf8 23. Qc1 Qd8 24. Nf4 Qd7 25. g4 Nfd6 26. h3 g5 27. Nh5 Ne8 28.
Ne1 Ng7 29. Nxg7 Rxg7 30. Nf3 Bd6 31. Nd2 Nxd2 32. Qxd2 h5 33. f3 Bb8 34. Ba3
f5 35. Qb4 Qe8 36. Bf1 hxg4 37. fxg4 f4 38. exf4 Bxf4 39. Bb5 Be3+ 40. Kg2 Qg6
41. Qf8+ Kh7 42. Re2 Qe4+ 43. Qf3 Qxf3+ 44. Kxf3 Bxd4 45. Bd3+ Kg8 46. Rxe6 Bc5
47. Bb2 Rf7+ 48. Bf6 Rf8 49. Bf5 d4+ 50. Ke2 Bc8 51. Rc6 Re8+ 52. Kd1 Bxf5 53.
gxf5 Re3 54. Rc7 Rxh3 55. Bxg5 Rh5 56. Bd2 d3 57. Bc3 Be3 58. Rc8+ Kf7 59. Rc7+
Ke8 0-1

[Event "Mauricie op"]
[Site "Trois-Rivieres CAN"]
[Date "2000.03.17"]
[Round "1"]
[White "Schleifer, Michael"]
[Black "Fortier, Marc-Andre"]
[Result "1/2-1/2"]
[WhiteElo "2405"]
[BlackElo "2094"]
[PlyCount "102"]
[EventDate "2000.03.17"]
[EventType "swiss"]
[EventRounds "5"]
[EventCountry "CAN"]

1. d4 Nf6 2. Nf3 g6 3. g3 Bg7 4. Bg2 d6 5. O-O O-O 6. c4 Nbd7 7. Nc3 e5 8. e3
c6 9. b3 Re8 10. Bb2 Qc7 11. Rc1 Nf8 12. h3 h6 13. b4 g5 14. c5 exd4 15. Nxd4
d5 16. Qc2 Ng6 17. Ba1 Nh7 18. Nf5 Bxf5 19. Qxf5 Qc8 20. Qc2 f5 21. Ne2 Bxa1
22. Rxa1 Nf6 23. b5 Qd7 24. bxc6 bxc6 25. Rab1 Rab8 26. Rb3 Ne4 27. Rfb1 Rxb3
28. Rxb3 g4 29. Nd4 h5 30. h4 Ne5 31. Bf1 Rf8 32. Ba6 Qe7 33. Rb7 Qxc5 34. Rg7+
Kh8 35. Qxc5 Nxc5 36. Rxa7 Nxa6 37. Rxa6 Rb8 38. Ra5 Rb1+ 39. Kg2 Rc1 40. Ra8+
Kh7 41. Re8 Nd3 42. f4 c5 43. Nxf5 Rc2+ 44. Kf1 Rf2+ 45. Kg1 Rxa2 46. e4 d4 47.
Rc8 Ra1+ 48. Kg2 Re1 49. Rc7+ Kh8 50. e5 Re2+ 51. Kf1 Re1+ 1/2-1/2

[Event "Carnaval"]
[Site "Quebec CAN"]
[Date "2000.02.06"]
[Round "4"]
[White "Auger, Bertrand"]
[Black "Schleifer, Michael"]
[Result "0-1"]
[WhiteElo "2060"]
[BlackElo "2417"]
[PlyCount "98"]
[EventDate "2000.02.04"]
[EventType "swiss"]
[EventRounds "5"]
[EventCountry "CAN"]

1. Nf3 g6 2. g3 Bg7 3. d4 d6 4. Bg2 Nf6 5. O-O O-O 6. b3 Nc6 7. Bb2 e5 8. d5
Ne7 9. c4 h6 10. Nfd2 Nd7 11. f4 Nf5 12. Rf2 Ne3 13. Qc1 Nxg2 14. Kxg2 f5 15.
Nf3 Qe7 16. Nc3 exf4 17. gxf4 Nf6 18. Kh1 Bd7 19. Rg2 Kh7 20. Qd2 Ne4 21. Nxe4
fxe4 22. Nd4 Bf6 23. Rag1 Rg8 24. f5 gxf5 25. Rxg8 Rxg8 26. Rxg8 Kxg8 27. Qxh6
Qg7 28. Nxf5 Qxh6 29. Nxh6+ Kg7 30. Bc1 Bh3 31. Be3 a6 32. b4 b5 33. cxb5 axb5
34. Kg1 Bh4 35. Bd2 Kg6 36. Bc1 Be1 37. Bf4 Bxb4 38. Kf2 Bc5+ 39. Ke1 e3 40.
Kd1 Bg2 41. Ng4 Bxd5 42. Nxe3 Bxa2 43. Kc2 c6 44. Nd1 d5 45. Nb2 Kf5 46. Nd3
Be7 47. Be3 Bc4 48. Kc3 Bxd3 49. exd3 c5 0-1

[Event "RA Winter op"]
[Site "Ottawa CAN"]
[Date "2000.01.15"]
[Round "3"]
[White "Schleifer, Michael"]
[Black "Pacey, Kevin"]
[Result "0-1"]
[WhiteElo "2435"]
[BlackElo "2311"]
[PlyCount "66"]
[EventDate "2000.01.15"]
[EventType "swiss"]
[EventRounds "5"]
[EventCountry "CAN"]

1. d4 d6 2. e4 g6 3. c3 Nf6 4. Bd3 e5 5. h3 Bg7 6. Nf3 Nc6 7. d5 Ne7 8. c4 Nh5
9. Nc3 h6 10. Be3 Nf4 11. Bf1 c5 12. Qd2 f5 13. g3 Nh5 14. exf5 Nxf5 15. g4 Nd4
16. Bxd4 cxd4 17. Ne4 Nf6 18. Bd3 O-O 19. Nxf6+ Qxf6 20. Be4 Bf5 21. gxf5 gxf5
22. Nxd4 exd4 23. Bd3 Rae8+ 24. Kf1 Qh4 25. Re1 Re5 26. Qd1 Qf4 27. Qc1 Qf3 28.
Rh2 Qxd3+ 29. Kg1 Rfe8 30. Rf1 Qf3 31. Rg2 f4 32. Qb1 d3 33. Rd1 Qxd1+ 0-1

[Event "Pere Noel"]
[Site "Montreal CAN"]
[Date "1998.12.28"]
[Round "3"]
[White "Schleifer, Michael"]
[Black "Wenaas, Eric"]
[Result "1-0"]
[WhiteElo "2417"]
[BlackElo "2196"]
[PlyCount "105"]
[EventDate "1998.12.26"]
[EventType "swiss"]
[EventRounds "5"]
[EventCountry "CAN"]

1. Nf3 Nf6 2. d4 d5 3. c4 e6 4. cxd5 exd5 5. Bg5 Be7 6. Nc3 O-O 7. e3 c6 8. Bd3
Nbd7 9. Qc2 Re8 10. O-O-O Nf8 11. h3 Be6 12. g4 Qa5 13. Nd2 b5 14. Nb3 Qb6 15.
Ne2 a5 16. Nc5 N6d7 17. Bxe7 Rxe7 18. Kb1 a4 19. Rc1 Nxc5 20. Qxc5 Qxc5 21.
Rxc5 Bd7 22. Bf5 Be8 23. g5 g6 24. Bg4 h5 25. gxh6 f5 26. Bf3 Kh7 27. Nc1 Nd7
28. Rc2 Nb6 29. h4 Kxh6 30. Nd3 Nc4 31. Re2 Rea7 32. Kc2 Nd6 33. Kc3 Ne4+ 34.
Bxe4 dxe4 35. Nf4 Bf7 36. Rg1 Rc8 37. Kb4 Kh7 38. Rc2 Bxa2 39. Rxg6 Bc4 40. Rc3
Rca8 41. Ra3 Rc8 42. Ra1 Rg7 43. Rf6 Rf7 44. Rd6 Rfc7 45. Kc5 Bb3 46. Rg1 Rg8
47. Rg5 Rxg5 48. hxg5 Bd5 49. Rh6+ Kg8 50. Nh5 Rc8 51. g6 Rb8 52. Rh7 Rf8 53.
g7 1-0

[Event "Pere Noel"]
[Site "Montreal CAN"]
[Date "1998.12.30"]
[Round "5"]
[White "Schleifer, Michael"]
[Black "Khassanov, Marat"]
[Result "1-0"]
[WhiteElo "2417"]
[BlackElo "2456"]
[PlyCount "99"]
[EventDate "1998.12.26"]
[EventType "swiss"]
[EventRounds "5"]
[EventCountry "CAN"]

1. d4 Nf6 2. c4 g6 3. Nc3 d5 4. Nf3 Bg7 5. Bg5 Ne4 6. Bh4 Nxc3 7. bxc3 dxc4 8.
Qa4+ c6 9. Qxc4 b6 10. e3 Ba6 11. Qa4 Bxf1 12. Kxf1 O-O 13. Ke2 Re8 14. Rhd1
Nd7 15. Qxc6 Rc8 16. Qa4 Rxc3 17. Rac1 Rc7 18. Rc6 Rxc6 19. Qxc6 Nf6 20. Rc1 e6
21. Ne5 h6 22. Qb7 Re7 23. Qf3 Qd5 24. Qxd5 exd5 25. Rc8+ Kh7 26. f3 g5 27. Be1
Ne8 28. Nc6 Rc7 29. Rxc7 Nxc7 30. Nxa7 f5 31. Kd3 Kg6 32. Nc8 b5 33. Ba5 Ne6
34. Ne7+ Kf7 35. Nxf5 Bf8 36. g3 h5 37. e4 dxe4+ 38. fxe4 g4 39. Bd2 Kf6 40.
Be3 Bb4 41. Nh4 Kf7 42. Ng2 Be7 43. e5 Nc7 44. Ke4 Na6 45. Bd2 Ke8 46. Nf4 h4
47. Nd3 Kf7 48. d5 hxg3 49. hxg3 Bd8 50. d6 1-0

[Event "Premiere Neige"]
[Site "Montreal CAN"]
[Date "1998.11.21"]
[Round "3"]
[White "Mikanovic, Goran"]
[Black "Schleifer, Michael"]
[Result "1/2-1/2"]
[WhiteElo "2372"]
[BlackElo "2424"]
[PlyCount "146"]
[EventDate "1998.11.20"]
[EventType "swiss"]
[EventRounds "5"]
[EventCountry "CAN"]

1. d4 Nf6 2. c4 d6 3. Nf3 Bg4 4. Qb3 Bxf3 5. Qxf3 Nc6 6. e3 g6 7. Nc3 Bg7 8.
Qd1 O-O 9. Be2 e5 10. O-O Nd7 11. dxe5 Ncxe5 12. Qc2 f5 13. b3 c6 14. Bb2 Qe7
15. Rad1 Rad8 16. Rd2 Nc5 17. Rfd1 f4 18. exf4 Rxf4 19. g3 Nf3+ 20. Bxf3 Rxf3
21. Re2 Qf7 22. Ne4 Nxe4 23. Rxe4 Bxb2 24. Qxb2 Qf6 25. Qe2 Rf8 26. Re8 Rf5 27.
Rxf8+ Kxf8 28. Qe3 a6 29. Qa7 Qe7 30. Qb8+ Kf7 31. Qxd6 Qxd6 32. Rxd6 Ke7 33.
Rd2 Rf3 34. Re2+ Kf7 35. Re3 Rf5 36. f4 g5 37. fxg5 Rxg5 38. Kf2 Ra5 39. a4 Rh5
40. Kg2 b5 41. cxb5 cxb5 42. g4 Rc5 43. Kf3 bxa4 44. bxa4 h5 45. h3 hxg4+ 46.
hxg4 Kf6 47. Kf4 Rd5 48. Re4 Rc5 49. Rd4 a5 50. Re4 Kg6 51. Re6+ Kf7 52. Re5
Rc4+ 53. Re4 Rc5 54. Kg3 Rd5 55. Rc4 Kf6 56. Kh4 Kg6 57. Rc6+ Kf7 58. Ra6 Rc5
59. g5 Rc4+ 60. Kh5 Rxa4 61. Ra7+ Kf8 62. Kg6 Ra1 63. Ra8+ Ke7 64. Kh7 a4 65.
g6 a3 66. g7 Rh1+ 67. Kg8 Rh3 68. Ra6 Rg3 69. Ra7+ Ke8 70. Ra4 Re3 71. Ra5 Ke7
72. Ra7+ Ke8 73. Ra6 Ke7 1/2-1/2

[Event "Abitibi ch"]
[Site "Val D'Or CAN"]
[Date "1998.11.07"]
[Round "3"]
[White "Soudre, Nicolas"]
[Black "Schleifer, Michael"]
[Result "0-1"]
[WhiteElo "2150"]
[BlackElo "2405"]
[PlyCount "134"]
[EventDate "1998.11.06"]
[EventType "swiss"]
[EventRounds "5"]
[EventCountry "CAN"]

1. e4 c5 2. Nc3 Nc6 3. f4 e6 4. Nf3 d5 5. Bb5 Nge7 6. O-O a6 7. Bxc6+ Nxc6 8.
d3 Be7 9. b3 O-O 10. Bb2 b5 11. Qe1 d4 12. Nb1 f6 13. a3 Bd7 14. Nbd2 Qb8 15.
g3 Be8 16. Kg2 Bf7 17. Qf2 Bh5 18. h3 Be8 19. b4 e5 20. fxe5 fxe5 21. bxc5 Bxc5
22. Nb3 Be7 23. Qe2 Bh5 24. g4 Bf7 25. Bc1 Nd8 26. Ng5 Bxg5 27. Bxg5 Ne6 28.
Bd2 Qc7 29. Rac1 a5 30. c3 dxc3 31. Rxc3 Qd8 32. Rc6 a4 33. Bb4 Re8 34. Rd6 Qc7
35. Rxe6 Rxe6 36. Nc5 Rc6 37. Qf2 Rf6 38. Qe2 Rc6 39. Qe3 Rc8 40. Rc1 Qa7 41.
Qg5 Qc7 42. h4 h6 43. Qe3 Qd8 44. Kg3 h5 45. g5 R8c7 46. Ba5 Qc8 47. Bxc7 Qg4+
48. Kf2 Qxh4+ 49. Qg3 Qxg3+ 50. Kxg3 Rxc7 51. Kf3 Kh7 52. Ke3 Kg6 53. d4 exd4+
54. Kxd4 Rc8 55. e5 Rd8+ 56. Ke4 Bd5+ 57. Kf4 Rf8+ 58. Ke3 h4 59. Rd1 Bc4 60.
Nd7 Rf5 61. Ke4 Rxg5 62. Rd6+ Kf7 63. Nc5 h3 64. e6+ Ke8 65. Nb7 Bd5+ 66. Kf4
Bxb7 67. Kxg5 h2 0-1

[Event "Outaouais op"]
[Site "Hull CAN"]
[Date "1998.10.24"]
[Round "3"]
[White "Hua, Lefong"]
[Black "Schleifer, Michael"]
[Result "1-0"]
[WhiteElo "2255"]
[BlackElo "2405"]
[PlyCount "150"]
[EventDate "1998.10.23"]
[EventType "swiss"]
[EventRounds "5"]
[EventCountry "CAN"]

1. d4 b5 2. g3 Bb7 3. Nf3 e6 4. Bg2 Nf6 5. O-O c5 6. a4 a6 7. axb5 axb5 8. Rxa8
Bxa8 9. Bf4 Qb6 10. Nc3 c4 11. b3 cxb3 12. cxb3 Bb4 13. Qd3 Bc6 14. Ne5 Bxg2
15. Kxg2 d6 16. Nf3 Bxc3 17. Qxc3 Kd7 18. d5 exd5 19. Bg5 Ne8 20. Qd3 f6 21.
Be3 d4 22. Qf5+ Kd8 23. Nxd4 Qb7+ 24. Kg1 g6 25. Qxb5 Qxb5 26. Nxb5 Kd7 27. Rd1
Kc6 28. Nd4+ Kb7 29. Nb5 Kc6 30. Nc3 Nc7 31. Ne4 Nd5 32. Bf4 f5 33. Ng5 Re8 34.
Kf1 Nxf4 35. gxf4 Re7 36. Rc1+ Kb7 37. e3 Nd7 38. Ke2 Nc5 39. b4 Na6 40. Rb1
Nc7 41. Kd3 Nb5 42. Rc1 Kb8 43. Ra1 Kb7 44. Kc4 Nc7 45. Nf3 Re4+ 46. Nd4 Ne6
47. Rd1 Nc7 48. h4 Kb6 49. Kb3 Nb5 50. Nxb5 Kxb5 51. Rd5+ Kc6 52. Ra5 d5 53.
Rc5+ Kd6 54. Rc8 Kd7 55. Rc2 Re8 56. Ra2 Kc6 57. Ra6+ Kc7 58. Ra7+ Kc6 59. Rxh7
d4 60. exd4 Re4 61. Kc4 Rxf4 62. Rh6 Rxf2 63. Rxg6+ Kc7 64. Rf6 Rh2 65. Rxf5
Rxh4 66. Rf7+ Kd6 67. Rf6+ Kd7 68. Kc5 Rh1 69. Rf7+ Ke6 70. Rf8 Rc1+ 71. Kb5
Kd6 72. Rd8+ Ke7 73. Rd5 Ke6 74. Rc5 Rd1 75. d5+ Kd6 1-0

[Event "Quebec-ch classe"]
[Site "Beloeil CAN"]
[Date "1998.10.11"]
[Round "1"]
[White "Schleifer, Michael"]
[Black "Lemieux, Pierre"]
[Result "1-0"]
[WhiteElo "2399"]
[BlackElo "2007"]
[PlyCount "87"]
[EventDate "1998.10.11"]
[EventType "swiss"]
[EventRounds "5"]
[EventCountry "CAN"]

1. d4 Nf6 2. c4 g6 3. Nc3 Bg7 4. e4 d6 5. f3 O-O 6. Be3 Nbd7 7. Bd3 c5 8. d5
Ne5 9. Nge2 Bd7 10. O-O a6 11. a4 Rb8 12. Kh1 h5 13. f4 Nfg4 14. Bg1 Nxd3 15.
Qxd3 f5 16. h3 Nh6 17. e5 Qa5 18. Bh2 Qb4 19. a5 b5 20. axb6 Qxb6 21. Ra2 Rfc8
22. Ng1 Be8 23. Nf3 Nf7 24. Re1 Qb3 25. Re2 Qb6 26. Ra1 dxe5 27. fxe5 e6 28.
dxe6 Qxe6 29. Nd5 Rc6 30. Nf4 Qe7 31. Nd5 Qe6 32. Bf4 Rbc8 33. Ng5 Nxg5 34.
Bxg5 Bf8 35. Rf1 Rb8 36. g4 hxg4 37. hxg4 Rb7 38. Nf6+ Kf7 39. gxf5 gxf5 40.
Rxf5 Kg7 41. Nxe8+ Qxe8 42. Bf6+ Kg8 43. Qd5+ Qe6 44. Rg2+ 1-0

[Event "Quebec-ch classe"]
[Site "Beloeil CAN"]
[Date "1998.10.12"]
[Round "3"]
[White "Sikharulidze, Giorgi"]
[Black "Schleifer, Michael"]
[Result "1-0"]
[WhiteElo "2393"]
[BlackElo "2399"]
[PlyCount "85"]
[EventDate "1998.10.11"]
[EventType "swiss"]
[EventRounds "5"]
[EventCountry "CAN"]

1. Nf3 d5 2. c4 c6 3. b3 Bg4 4. Ne5 Bh5 5. g3 Nd7 6. Nxd7 Qxd7 7. Bg2 e6 8. O-O
Nf6 9. Bb2 Be7 10. d3 O-O 11. Nd2 d4 12. Nf3 Bxf3 13. Bxf3 e5 14. a3 a5 15. Rb1
c5 16. Bc1 Rab8 17. Bd2 b6 18. b4 axb4 19. axb4 Qe6 20. Qc2 Nd7 21. bxc5 Nxc5
22. Rb5 Qg6 23. Rfb1 f5 24. Bd5+ Kh8 25. Qb2 Nd7 26. Qa2 e4 27. Bf4 Rbd8 28.
Bc7 Rc8 29. Qa7 exd3 30. exd3 Bc5 31. Re1 Rce8 32. Rbb1 Rxe1+ 33. Rxe1 b5 34.
Qa5 b4 35. Qb5 f4 36. Qxd7 fxg3 37. hxg3 Qxd3 38. Re8 Qg6 39. Bf7 Qb1+ 40. Kg2
h6 41. Rxf8+ Bxf8 42. Qe8 Kh7 43. Qxf8 1-0

[Event "Quebec-ch classe"]
[Site "Beloeil CAN"]
[Date "1998.10.12"]
[Round "4"]
[White "Schleifer, Michael"]
[Black "Pineault, Denis"]
[Result "1-0"]
[WhiteElo "2399"]
[BlackElo "2204"]
[PlyCount "91"]
[EventDate "1998.10.11"]
[EventType "swiss"]
[EventRounds "5"]
[EventCountry "CAN"]

1. d4 Nf6 2. c4 Nc6 3. g3 e5 4. d5 Bb4+ 5. Bd2 Bxd2+ 6. Qxd2 Ne7 7. Nc3 d6 8.
Bg2 O-O 9. e4 Ne8 10. Nge2 f5 11. exf5 Bxf5 12. O-O Nf6 13. f4 Qd7 14. fxe5
dxe5 15. Rae1 Rae8 16. Nc1 Ng6 17. Nd3 b6 18. Nf2 Qe7 19. b3 Qb4 20. h3 Qc5 21.
Kh2 a6 22. Nd3 Bxd3 23. Qxd3 Qd6 24. Be4 Ne7 25. Rf3 g6 26. Ref1 Nd7 27. Qd2
Nc6 28. Rxf8+ Rxf8 29. Rxf8+ Nxf8 30. Bg2 Nd4 31. Ne4 Qe7 32. b4 Nd7 33. c5 Qf8
34. Qc3 bxc5 35. bxc5 h5 36. Qa5 h4 37. Qxc7 hxg3+ 38. Kh1 Qf4 39. Qd8+ Nf8 40.
Qg5 Kg7 41. Qxg3 Nd7 42. c6 Nb6 43. Qxf4 exf4 44. c7 Kf7 45. Bf1 a5 46. Ba6 1-0